| 000 | 00321nam a22001217a 4500 | ||
|---|---|---|---|
| 003 | OSt | ||
| 005 | 20260210151804.0 | ||
| 008 | 260210b |||||||| |||| 00| 0 eng d | ||
| 040 | _cWWC PUBLICATIONS | ||
| 082 |
_a616.97 _bEHA |
||
| 245 | _aA Window into Hope an Invitation to Faith in the Context of HIV/AIDS | ||
| 942 |
_2ddc _cBK |
||
| 999 |
_c4151 _d4151 |
||